Odd But True Facts VI Quiz Stats

 Plays Quiz Updated Jan 15, 2016

Support Sporcle.
Go Orange.
Score 0/24 Timer 07:00
1 Play Today
% Correct
One eye open
96.9%
11 years old
94.8%
No casualties
93.8%
Netflix for $50 million
93.1%
The Vatican City
93%
Hit by a meteor
92%
Its brain
91.6%
Built and never used
91.3%
380 miles of road
91.1%
Al Capone’s birthday party
90.9%
Female rhesus macaques’ bottoms
89.7%
Whale excretion
89.2%
% Correct
Jennifer Lopez's butt
87%
On television
83.1%
Cows and clowns
82.9%
A used Volkswagen
75.5%
A skinny man pointing
75.5%
Dead
74.9%
A baby elephant
71.3%
Dynamite
69.8%
Miley Cyrus
66%
Debra Winger
62.5%
Rabbits
58.8%
Samuel L. Jackson
46%

From the Vault

International Footballers: Get the Germans

by Horgems

Sports 3m
Wouldn't it be neat if they also kicked the football across national borders?
Remove Ads.
Support Sporcle.
Get the best of Sporcle when you Go Orange. This ad-free experience offers more features, more stats, and more fun while also helping to support Sporcle. Thank you for becoming a member.

Show Comments

Extras

Top Quizzes Today


Score Distribution

Your Account Isn't Verified!

In order to create a playlist on Sporcle, you need to verify the email address you used during registration. Go to your Sporcle Settings to finish the process.

Report this User

Report this user for behavior that violates our Community Guidelines.

Details: